000 00279nam a22001217a 4500
041 _aENG
100 _aRushton .K.R
245 _aGroundwater Hydrology Canceptual And Computational Models
260 _aUk
_bWiley
_c2005
300 _a416
650 _aIDE
856 _uIDE ( 5 )
999 _c1567
_d1567